| 000 | 00784nam a22001697a 4500 | ||
|---|---|---|---|
| 999 |
_c63504 _d63504 |
||
| 003 | Ge_BSU | ||
| 005 | 20251023164340.0 | ||
| 008 | 251020s2025 ge ||||| |||| 00| 0 geo d | ||
| 041 | _ageo | ||
| 080 | _a821.353.1-1 შ-21 | ||
| 100 |
_aშაინიძე, რევაზ _926078 |
||
| 245 |
_aეჰეი! გულმკვდარნო ქართველნო მე ამ ლექსებით თქვენთვის შევქმენი სულის მკურნალი მალამო დიახ, დიახ, ციხის საკანში / _cრევაზ შაინიძე. |
||
| 264 |
_aბათუმი, _c2025. |
||
| 300 |
_a144 გვ.; _b20 სმ. |
||
| 653 | _aლექსები | ||
| 942 |
_2udc _cᲬᲘᲒᲜᲘ |
||